书目信息 |
| 书名: | Similarities in physics | |
| 作者: | John N. Shive, Robert L. Weber. | |
| 分册号: | ||
| 分册名: | 出版地: | Bristol [England] : |
|
| 出版社: | A. Hilger | |
| 出版时间: | c1982. | |
| 页数: | xiii, 277 p. : | |
| 开本: | 24 cm. | |
| 丛书名: | ||
| 中图分类号: | ||
| 科图分类号: | ||
| 其他分类号: | O4-43 | |
| 主题词: | ||
| 电子资源: | ||
| 000 | 00632nam 22002173a 4500 | |
| 001 | 0000437889 | |
| 003 | CaOON | |
| 005 | 20070201102118.54 | |
| 008 | 830304s1982 enka 00 eng | |
| 020 | @a0852745400. | |
| 040 | @aCaOON@beng@cCaOON | |
| 090 | @aP31/W164 | |
| 090 | @aO4-43 | |
| 099 | @dO4-43@ex7 | |
| 100 | 1 | @aShive, John N.@q(John Northrup),@d1913- |
| 245 | 10 | @aSimilarities in physics / @cJohn N. Shive, Robert L. Weber. |
| 260 | @aBristol [England] :@bA. Hilger,@cc1982. | |
| 300 | @axiii, 277 p. :@bill. ;@c24 cm. | |
| 650 | 0 | @aPhysics. |
| 700 | 10 | @aWeber, Robert L.,@d1913- |
| 920 | @a232010@z2 | |
| Similarities in physics / / John N. Shive, Robert L. Weber.-Bristol [England] : : A. Hilger, , c1982. |
| xiii, 277 p. : : ill. ; ; 24 cm. |
| ISBN 0852745400. |
| ● |
| 相关链接 |
|
|
|
|
正题名:Similarities in physics
索取号:O4-43/x7
 
预约/预借
| 序号 | 登录号 | 条形码 | 馆藏地/架位号 | 状态 | 备注 |
| 1 | 182182 | 000450906 | 第二样本阅览室/ [索取号:O4-43/x7] | 在馆 | |
| 2 | 182183 | 000450755 | 第四借阅区/ [索取号:O4-43/x7] | 在馆 |